Guess The Country by First & Last Letter - Statistics

General Stats
  • This quiz has been taken 74 times
  • The average score is 31 of 40
Answer Stats
Hint Answer % Correct
Y Yemen
98%
N Yemen
98%
D Denmark
97%
K Denmark
97%
E U
95%
E Z
95%
E G
94%
Z Zimbabwe
94%
Q I
91%
M V
91%
L N
89%
R N
89%
D N
89%
E B
88%
H B
88%
V Vietnam
86%
Y T
85%
D T
85%
G L
82%
S L
82%
I Iraq
79%
T K
79%
L Laos
79%
N Niger
79%
G Gabon
77%
N Gabon
77%
D C
74%
U Ukraine
73%
B Belize
71%
K Kuwait
67%
C Chad
65%
N Nepal
65%
T Turkey
65%
L Luxembourg
62%
B Bangladesh
61%
N P
61%
G Greece
52%
T Thailand
50%
P Pakistan
48%
N New Zealand
42%
No matching quizzes found
Score Distribution
Percent of People with Each Score
Percentile by Number Answered
Your Score History
You have not taken this quiz